Statistics for Countries of the world in 845 with a map

Click here to take the quiz!

General Stats

  • This quiz has been taken 1,439 times
  • The average score is 13 of 61

Answers on the Map

Answers color-coded by a green-red scale on the quiz's map according to % correct below.
 

Answer Stats

Country% Correct
Japan
83%
Byzantine Empire
78%
Scotland
66%
Mayas
61%
Naples
55%
Papal States
53%
Wessex
50%
Wales
48%
Bulgaria
44%
East Francia
41%
West Francia
41%
Northumbria
39%
Abbasid Caliphate
38%
Mercia
37%
Yemen
35%
Emirate of Córdoba
34%
Khmer Empire
34%
Lotharingia
34%
East Anglia
31%
Tang Dynasty
30%
Crete
29%
Asturias
27%
Nepal
26%
Venice
24%
Ghana
22%
Khazar Kaganate
18%
Aksumite Empire
16%
Kashmir
14%
Great Moravia
13%
Benevento
12%
Champa
11%
Kanem
10%
Silla
10%
Abkhazia
9%
Srivijaya
9%
Pala Empire
7%
Alodia
6%
Makuria
6%
Sunda
6%
Zapotec
6%
Balhae
5%
Pandya Dynasty
5%
Pegu
5%
Tiwanaku Empire
5%
Wari Empire
5%
Anuradhapura Kingdom
4%
Gurjjar
4%
Idrisid Dynasty
4%
Kara-Khanid Kaganate
4%
Lavo Kingdom
4%
Pallava Dynasty
4%
Rashtrakuta Dynasty
4%
Rustamid Kingdom
4%
Eastern Chalukyas
3%
Haripunjaya
3%
Kalinga
3%
Kamarupa
3%
Mataram Kingdom
3%
Nanzhao
3%
Odra
3%
Somavamshi Dynasty
3%

Score Distribution

Percentile by Number Answered

Percent of People with Each Score

Your Score History

You have not taken this quiz